000 00280nam a22001217a 4500
008 170619b xxu||||| |||| 00| 0 eng d
041 _aeng
080 _a32
100 _a20
101 _aSHP
245 _aPOLITICS AND POLICY EUROPEAN COMMUNITY
_cGEORGE.S
942 _2udc
_cBK
999 _c18013
_d18013